000 00539nam a2200193Ia 4500
003 GCL
008 140319s9999 xx 000 0 ara d
040 _aGCL /
_cGCL
082 0 4 _aط
_b785
_bب ا
100 1 _aباسل حنا بطرس
245 1 0 _aالانتا الموسيقية /
_cباسل حنا بطرس
300 _a31 ص
490 _aالسلسلة العلمية
_v0
650 0 4 _aالاطفال
650 0 4 _aالموسيقى
650 0 4 _aالالات الموسيقية
650 0 4 _aالايقاع
942 _2ddc
_cBK
999 _c51309
_d51309